| 000 | 005960000a22001810004500 | ||
|---|---|---|---|
| 003 | LK-CoMWRAF | ||
| 005 | 20231217235400.0 | ||
| 008 | 230817t1987 ||||| |||| 00| 0 eng d | ||
| 040 |
_aLK-CoMWRAF _dLK-CoMWRAF _eLK-CoMWRAF |
||
| 041 | _aeng | ||
| 082 |
_a305.48 _bMER |
||
| 100 | _a Mernissi, Fatima | ||
| 245 |
_aThe fundamentalist obsession with women: _bA current articulation of class conflict in modern muslim society |
||
| 260 |
_aLahore: _bWomen's Resource and Publication Centre, _c1987 |
||
| 300 | _a27 p.; 23 cm | ||
| 650 | _aWomen, Islamic countries- Social conditions | ||
| 942 | _cBK | ||
| 999 |
_c3038 _d3038 |
||